000 00560nam a2200181Ia 4500
003 IN-BaIIA
008 211028s9999 xx 000 0 eng d
040 _cIIA Library
080 _a083:52
_bBAU
100 _aBauschinger, Julius
_9913
245 0 _aTafeln Zur Theoretischen Astronomie
_cJulius Bauschinger and Von Bearbeitet
260 _aLeipzig
_bVerlag Von Wilhelm
_c1901
300 _a148p
650 _aAstronomy and Astrophysics Thesaurus
650 _aTables
_9914
700 _aBearbeitet, Von
_9915
942 _cBK
999 _c402
_d402